00780nam a2200205Ia 4500001000700000003000500007008004100012010001100053040000900064100002900073245019500102260004100297300001000338502007600348650003400424650002700458650003800485650001400523700003700537Z_5095CHAP220113s2004 xx 000 0 und d a168152 cCHAP aFierro Gómez, Salvador aAnálisis productivo y estudio financiero del segundo ciclo de producción en gallinas leghorn blancas, inducidas a mudar /cpor Salvador Fierro Gómez y Rafael Efraín Moreno Castillo aChapingo, Méx. :bEl autor,c2004 a50 h. aTesis (Ing. Agr. Esp. en Zootecnia) -- UACH. Departamento de Zootecnia aAves de corralxProducción  aAves de corralxRazas  aAviculturaxAspectos económicos aGallinas  aMoreno Castillo, Rafael Efraín